00554nam a2200193 a 450000100060000000300090000600800410001502000180005604000280007408200100010210000410011224500720015326000320022530000100025765000360026765000280030394200120033199900170034323792CO-ViMGA141112s2004 ck r 000 u spa d a9789583017759 aCO-ViMGAbspacCO-ViMGA04aCERm11 aCervantes Saavedra, Miguel de91651310aMi primer don quijota de la mancha / cMiguel de Cervantes Saavedra aColombia : bpanAméricana a192p.14a2 : NOVELAS DE AVENTURAS93442314aNOVELA ESPAÑOLA 9488 2ddccBK c31875d31875